Histoire du choléra aux Indes Orientales avant 1817 / (Record no. 165170)

MARC details
000 -LEADER
campo de control de longitud fija 00843nam a2200217 i 4500
001 - NÚMERO DE CONTROL
campo de control 165170
003 - IDENTIFICADOR DE NÚMERO DE CONTROL
campo de control ES-MaACL
005 - FECHA Y HORA DE LA ÚLTIMA TRANSACCIÓN
campo de control 20250901032931.0
008 - DATOS DE LONGITUD FIJA--INFORMACIÓN GENERAL
campo de control de longitud fija 050816s1885 ne b |||| | fre d
100 1# - ENTRADA PRINCIPAL--NOMBRE DE PERSONA
Nombre de persona Semmelink, Jan,
Fechas asociadas al nombre 1837-1912
Término indicativo de función/relación Autor
9 (RLIN) 132643
245 10 - MENCIÓN DEL TÍTULO
Título Histoire du choléra aux Indes Orientales avant 1817 /
Mención de responsabilidad, etc. par J. Semmelink.
260 ## - PUBLICACIÓN, DISTRIBUCIÓN, ETC.
Lugar de publicación, distribución, etc. Utrecht :
Nombre del editor, distribuidor, etc. Ch.H.E. Breijer,
Fecha de publicación, distribución, etc. 1885.
300 ## - DESCRIPCIÓN FÍSICA
Extensión 169 páginas, [1] hoja plegada de mapa ;
Dimensiones 23 cm.
530 ## - NOTA DISPONIBLE DE FORMULARIO FÍSICO ADICIONAL
Nota de formato físico adicional disponible Disponible en formato digital
650 #7 - PUNTO DE ACCESO ADICIONAL DE MATERIA--TÉRMINO DE MATERIA
Término de materia o nombre geográfico como elemento de entrada Cólera
Fuente del encabezamiento o término embne
9 (RLIN) 11143
852 ## - LOCALIZACIÓN
Ubicación ES-MaACL
Ubicación en estantería Sala Palomar
Donativo/Legado Donativo Roda
Número de control de estantería C-3216
Encuadernación Enc. editorial en tela
856 ## - LOCALIZACIÓN Y ACCESO ELECTRÓNICOS
Identificador Uniforme de Recursos <a href="https://archive.org/details/histoireduchol00semm/page/n5/mode/2up">https://archive.org/details/histoireduchol00semm/page/n5/mode/2up</a>
Texto de enlace Versión en línea
Nota pública (Internet Archive)
942 ## - ELEMENTOS DE ENTRADA SECUNDARIOS (KOHA)
Fuente del sistema de clasificación o colocación Clasificación decimal universal
Tipo de ítem Koha Libro impreso antiguo
Suprimir en OPAC No
Holdings
Estatus retirado Estado de pérdida Fuente del sistema de clasificación o colocación Estado de daño No para préstamo Colección Biblioteca de origen Biblioteca actual Ubicación en estantería Fecha de adquisición Fuente de adquisición Total de préstamos Signatura topográfica completa Código de barras Visto por última vez Tipo de ítem Koha
    Clasificación decimal universal     Libros del s. XIX Biblioteca del Ateneo de Madrid Biblioteca del Ateneo de Madrid Sala Palomar 17/01/2008 Donación   C-3216 1173188 23/02/2023 Libro impreso antiguo